UE : Effectifs militaires par pays - Statistiques

Statistiques générales
  • Ce quiz a été pris 60 fois
  • Le résultat moyen est 13 sur 27
Statistiques - réponses
Rang Nombre Pays % Correct
1 205 000 France
100%
2 184 000 Allemagne
98%
3 170 000 Italie
90%
4 150 000 Grèce
69%
5 120 000 Espagne
65%
5 120 000 Pologne
58%
7 67 000 Roumanie
54%
10 26 000 Belgique
48%
8 35 000 Pays-Bas
48%
9 27 000 Portugal
48%
10 26 000 Tchéquie
42%
12 25 000 Bulgarie
40%
19 15 000 Croatie
40%
13 24 000 Finlande
40%
14 23 000 Hongrie
38%
24 6 500 Lettonie
38%
16 16 000 Suède
38%
14 23 000 Autriche
37%
21 12 000 Chypre
37%
25 4 000 Estonie
37%
16 16 000 Lituanie
37%
27 1 000 Luxembourg
37%
20 13 000 Slovaquie
37%
23 7 000 Slovénie
37%
16 16 000 Danemark
35%
26 2 000 Malte
35%
22 8 700 Irlande
33%
Aucun quiz correspondant
Distribution des résultats
% des personnes avec chaque résultat
Percentile par nombre de réponses
Votre historique - résultats
Vous n’avez pas pris ce quiz